000 01103cam a22003377a 4500
003 CHAP
005 20220329134033.0
008 971013s1976 r 00010 d
010 _a14464
011 _a15436
035 _a19512
040 _cCHAP
090 _aTesis
100 0 0 _aHernández Herrera, Francisco Javier.
_954170
245 1 3 _aEl minifundio en la agricultura mexicana
260 _aChapingo, Méx. :
_bEl Autor,
_c1976
300 _a132 h.
502 _aTesis (M. en C. Esp. en Economía Agrícola) -- ENA. Colegio de Postgraduados
590 _aALEPH
_b10
_c20130110
_lUCH01
_h1236
590 _aBATCH-UPD
_b10
_c20130110
_lUCH01
_h0952
590 _aBATCH-UPD
_b10
_c20130410
_lUCH01
_h0606
590 _aBATCH-UPD
_b10
_c20130914
_lUCH01
_h1901
590 _aCONVERSION
_b10
_c20130109
_lUCH01
_h1309
650 1 4 _aReforma agraria
_zMéxico.
_995596
650 1 4 _aTierras
_xTenencia
_zMéxico.
_9113215
901 _aBK
942 _cFOLL
949 _bBC
_cTES
_d-45410
_eTS1
_i19512
_si
949 _bBC
_cTES
_d-45411
_eTS2
_fc.2
_i19512
_si
949 _bBC
_cTES
_d-45412
_eTS2
_fc.3
_i19512
_si
999 _c14464
_d14464